|
|
|
|
| LEADER |
00925ncm a22002532a 4500 |
| 001 |
001345124 |
| 003 |
CZ BrMZK |
| 005 |
20150130155124.0 |
| 007 |
qu |
| 008 |
131113s1890 gw |||||||||||||||||zxx d |
| 040 |
|
|
|a BOA001
|b cze
|
| 072 |
|
7 |
|a 786
|x Hudba pro klávesové nástroje
|2 Konspekt
|9 9
|
| 100 |
1 |
|
|a Beethoven, Ludwig van,
|d 1770-1827
|7 jn19990000607
|4 cmp
|
| 245 |
1 |
0 |
|a Sonaten
|h [hudebnina] /
|c von L. van Beethoven ; revidirt und mit Fingersatz versehen von Louis Köhler und Richard Schmidt
|
| 260 |
|
|
|a Leipzig :
|b C.F. Peters,
|c [1890?]
|
| 300 |
|
|
|a 400 s.
|
| 490 |
1 |
|
|a Edition Peters
|
| 700 |
1 |
|
|a Schmidt, Richard,
|d 1866-1939
|7 jx20100614012
|4 edt
|
| 700 |
1 |
|
|a Köhler, Louis,
|d 1820-1886
|7 kup20000000049820
|4 edt
|
| 830 |
|
0 |
|a Edition Peters
|
| 910 |
|
|
|a BOA001
|b Mus4-0170.171
|
| 990 |
|
|
|a MU
|
| 991 |
|
|
|b 201311
|
| 996 |
6 |
|
|b 2619599510
|c Mus4-0170.171
|l MZK
|r Sklad / do 1 hodiny
|n 0
|w 001379937
|u 000010
|a 1
|e BOA001
|j MZK50
|s P
|